000 00217 a2200109 4500
020 _a9781558858725
041 _aspa
100 _aXavier Garza
245 _aSolo una mordidita Chiquitita
942 _cBK
952 _71
999 _c23997
_d23997